000 nam a22 a 4500
999 _c177040
_d177040
003 BLK
005 20230328115645.0
008 180411b bul|||||r ||||||| ||bul||
010 _aKNG00185677000
020 _a978-954-399-114-3
040 _aBLK
041 _aBUL
_cBUL
080 _aАвстрийска литература
_b821.112(436)
_x-31
_z821.112(436)-31
100 1 _aЗимел, Йоханес Марио
_eпърви автор
_9252639
139 _aЗимел, Йоханес Марио
_bЗ 64
245 1 0 _aЛюбовта е само дума
_cЙоханес Марио Зимел; прев. от нем. Михаил Лазаров.
250 _a[2. изд.]
257 _aAUT
260 _aСофия
_bСББ Медиа
_c2015
_dСанома Блясък България
_fСофия : Ропринт
_9219405
_n978-954-399-
300 _a424 с.
_c20 см
380 _aX
490 _aСветовни бестселъри
_v2
_9207069
500 _a1. изд. 2002 на изд. Еднорог. - Ориг. загл. Libe ist nur ein Wort / Johannes Mario Simmel. - В кн. означено 1. изд. - Кн. се разпространява със сп. Журнал за жената.
653 _aромани
700 _aЛазаров, Михаил
_eпрев. от нем.
_9366922
852 _aЦб 278752
_bЦб
852 _bП
_c821-31/ З 64 И
856 4 _qpdf
_i0.00
_ldisable
856 4 _qpdf
_i0.00
_ldisable
942 _cKNG
_n0
_02
_s1
944 _aCR
_c21.12.2015
_l
_kВиолета_Тройчева
944 _aED
_c2023-03-28
_kир
999 _d177040